000 01052nam2a22002411 4500
001 rc\330795
005 20250612174930.0
010 _a5-280-00777-3
_950000
035 _a(NLR Aleph) 008762995
090 _a7876859
_c7876859
100 _a20030307d1989 |||y0rusy50 ca
101 0 _arus
102 _aRU
105 _ay |||||||||
200 1 _aСтихотворения, 1933-1988
_aРассказы в стихах
_aПесни
210 _d1989
_aБ. м.
215 _a686, [1] с.
461 0 _1001rc\330794
_12001#$aСобрание сочинений$eВ 3 т.$fЕвгений Долматовский$g[Вступ. ст. Р. Казаковой]$vТ. 1
_1700#1$aДолматовский$bЕ.А.$gЕвгений Аронович$f1915-
_97851382
_aДолматовский, Е.А. (1915-)
_cМ.
_d1989-
_fЕвгений Долматовский
_nХудож. лит.
_oВ 3 т.
_tСобрание сочинений
_y5280007781
_vТ. 1
801 0 _aRU
_bNLR
_gpsbo
801 1 _aRU
_bELAR
_2rusmarc
852 _aNLR
_j89-3/13834
942 _cBOOK
980 _aNB